000
00295nam a2200121Ia 4500
008
190216s9999||||xx |||||||||||||| ||und||
100
_a
Sankaran S
245
0
_a
Agriculture Economy Of India
260
_b
"Progress Publishers, Moscow"
_c
1979
300
_a
220p
650
_a
Commerce
942
_c
BK
999
_c
4575
_d
4575